| 000 | 00682nam a22002291a 4500 | ||
|---|---|---|---|
| 001 | 13860 | ||
| 003 | BD-RjUL | ||
| 005 | 20211208235526.0 | ||
| 008 | 140202s1951 txuac b 001 0 eng d | ||
| 035 | _a(BD-RjUL)13912 | ||
| 040 |
_aLC _beng _cLC _dLC _dBD-RjUL |
||
| 041 | _aeng | ||
| 082 | 0 | 4 |
_a792 _bGRS 1951 |
| 100 | 1 |
_aGraham, Philip, _d1898- _943328 |
|
| 245 | 1 | 0 |
_aShowboats : _bthe history of an American institution / _cPhilip Graham. |
| 260 |
_aAustin : _bUniversity of Texas Press, _c1951. |
||
| 300 |
_ax, 224 p. : _billus., ports. _c24 cm. |
||
| 504 | _aBibliography: p. 203-210. and index. | ||
| 650 | 0 |
_aShowboats. _943329 |
|
| 942 |
_2ddc _cBK |
||
| 999 |
_c13860 _d13860 |
||